| 000 | 01014nam a2200349Ia 4500 | ||
|---|---|---|---|
| 003 | OSt | ||
| 005 | 20220912144651.0 | ||
| 006 | a|||||r|||| 00| 0 | ||
| 007 | ta | ||
| 008 | 220909b |||||||| |||| 00| 0 eng d | ||
| 020 | _a9788126528561 (pbk) | ||
| 020 | _aSL01537010 | ||
| 024 | _a174906 | ||
| 037 | _b686, 14/03/2012, Dhanraj Book House | ||
| 037 | _cTextual | ||
| 040 |
_aCSL _beng _cCSL |
||
| 041 | _aeng | ||
| 082 | _aLZ3:(E), N7-;1 | ||
| 100 | _aGringauz Alex | ||
| 245 | 0 | _aIntroduction to medicinal chemistry: How drug act and why | |
| 260 |
_aNew Delhi, _b Wiley india _c1997 |
||
| 300 | _axiii;721p. | ||
| 500 | _aInclude bibliographical references; Index 699-721p | ||
| 650 | _a Antimicrobial drugs | ||
| 650 | _a Drug metabolism | ||
| 650 | _a Medicinal chemistry | ||
| 650 | _a Steroids | ||
| 650 | _aChemistry | ||
| 700 | _aGringauz Alex | ||
| 942 |
_hLZ3:(E), N7-;1 _cTEXL _2CC |
||
| 999 |
_c15234 _d15234 |
||